Random Latin Sentences #8 - Statistics

General Stats
  • This quiz has been taken 22 times
  • The average score is 19 of 27
Answer Stats
Latin English % Correct
Tu You
100%
In In
94%
Est Is
94%
Est Is
94%
Unus One
94%
Et And
88%
Multis Many
76%
Ietpunkus Jetpunk
71%
Ietpunkus Jetpunk
71%
Ietpunkus Jetpunk
71%
Maxime Most
71%
Orbis World
71%
Possum Can
65%
Ludus Game
65%
Vulgus People
65%
Risor Quiz
65%
Risor Quiz
65%
Risor Quiz
65%
Risori Quizzes
65%
Haec This
65%
Terris Countries
59%
Concolor Like
59%
Capisso Take
59%
Ubi Where
59%
Facere Make
53%
Lusus Play
41%
Lascivio Played
29%
No matching quizzes found
Score Distribution
Percent of People with Each Score
Percentile by Number Answered
Your Score History
You have not taken this quiz